[Event "DEM U14 2016"]
[Site "Willingen GER"]
[Date "2016.05.21"]
[Round "9"]
[White "von Estorff, Jacob"]
[Black "Roho, Kevin"]
[Result "1/2-1/2"]
[Termination "normal"]
[Board "17"]
[WhiteElo "1876"]
[BlackElo "1859"]
[PlyCount "128"]
[WhiteFideId "12974501"]
[BlackFideId "12973734"]
[EventCountry "GER"]
[EventRounds "9"]
[EventType "swiss"]
[EventDate "2016.05.14"]

1. e4 d5 2. exd5 Nf6 3. d4 Nxd5 4. c4 Nb6 5. Nc3 g6 6. Be3 Bg7 7. h3 O-O 8. Nf3
Nc6 9. Rc1 e5 10. d5 Ne7 11. Be2 Nf5 12. Bc5 Re8 13. O-O Nd7 14. Ba3 e4 15. Nh2
e3 16. f4 Nf6 17. g4 Nd6 18. Rf3 h5 19. g5 Nfe4 20. Nxe4 Rxe4 21. Bd3 Re8 22.
Qe2 Bf5 23. Bxd6 Bxd3 24. Qxd3 cxd6 25. b3 Qa5 26. Rc2 Qe1+ 27. Qf1 Qb4 28. Kg2
Re7 29. Qd3 Rae8 30. Re2 Qc3 31. Qxc3 Bxc3 32. Rf1 Re4 33. Kf3 Bd2 34. Rd1 Rd4
35. Nf1 Rd3 36. Kg2 Kf8 37. Nxd2 exd2 38. Rdxd2 Ree3 39. Rxe3 Rxd2+ 40. Kf3
Rxa2 41. f5 gxf5 42. Kf4 b5 43. Kxf5 bxc4 44. bxc4 Rc2 45. Ra3 Rxc4 46. Rxa7
Rd4 47. g6 fxg6+ 48. Kf6 Rf4+ 49. Kxg6 Ke8 50. Rh7 h4 51. Rh8+ Kd7 52. Rh7+ Kd8
53. Kg5 Rd4 54. Rxh4 Rxd5+ 55. Kf6 Rd1 56. Rh8+ Kd7 57. h4 d5 58. h5 Rf1+ 59.
Ke5 Ke7 60. Kxd5 Kf7 61. Ke5 Kg7 62. Ra8 Rh1 63. Ra7+ Kh6 64. Kf6 Rf1+ 1/2-1/2

[Event "DEM U14 2016"]
[Site "Willingen GER"]
[Date "2016.05.21"]
[Round "9"]
[White "Yankelevich, Michael"]
[Black "Lindow, Max"]
[Result "1-0"]
[Termination "normal"]
[Board "18"]
[WhiteElo "1960"]
[BlackElo "1472"]
[PlyCount "75"]
[WhiteFideId "12921440"]
[BlackFideId "16211057"]
[EventCountry "GER"]
[EventRounds "9"]
[EventType "swiss"]
[EventDate "2016.05.14"]

1. e4 e5 2. Nf3 Nc6 3. Bb5 a6 4. Ba4 Nf6 5. d3 b5 6. Bb3 Be7 7. Nbd2 d6 8. c3
Na5 9. Bc2 c5 10. Nf1 O-O 11. Ng3 g6 12. h3 Bd7 13. Nh2 Ne8 14. Bh6 Ng7 15. Qd2
f5 16. exf5 Bxf5 17. Nxf5 Rxf5 18. Be3 Kh8 19. b3 Rf7 20. Ng4 Nf5 21. Nh6 Rf8
22. Nxf5 Rxf5 23. O-O-O Rf7 24. Kb1 c4 25. dxc4 bxc4 26. b4 Nc6 27. Qd5 Qe8 28.
Qxc4 Bf8 29. Bb3 Nd8 30. Bb6 Rg7 31. h4 Be7 32. Be3 h5 33. Rh3 Kh7 34. g4 Qd7
35. Rg3 Rc8 36. Qe4 Bxh4 37. Rh3 Bf6 38. Rxh5# 1-0

[Event "DEM U14 2016"]
[Site "Willingen GER"]
[Date "2016.05.21"]
[Round "9"]
[White "Righi, Sofian"]
[Black "Biermann, Lenhard"]
[Result "1/2-1/2"]
[Termination "normal"]
[Board "19"]
[WhiteElo "1734"]
[BlackElo "1711"]
[PlyCount "70"]
[WhiteFideId "12987581"]
[BlackFideId "12970077"]
[EventCountry "GER"]
[EventRounds "9"]
[EventType "swiss"]
[EventDate "2016.05.14"]

1. d4 Nf6 2. c4 e6 3. Nc3 Bb4 4. f3 d5 5. a3 Bxc3+ 6. bxc3 c5 7. cxd5 exd5 8.
dxc5 Qa5 9. e3 O-O 10. Bd2 Qxc5 11. Bd3 Nc6 12. Ne2 Ne5 13. Qc2 b6 14. Nd4 a5
15. Bb5 Bd7 16. Be2 Nc4 17. O-O Rac8 18. Bxc4 Qxc4 19. a4 Rc7 20. Rfb1 Rb8 21.
Qd1 Qd3 22. Rb2 Rc4 23. Rab1 Bxa4 24. Rxb6 Rxb6 25. Rxb6 Nd7 26. Qb1 Qxd2 27.
Rb8+ Nf8 28. Nf5 Rc7 29. Ra8 Qxc3 30. h3 Qc1+ 31. Qxc1 Rxc1+ 32. Kh2 Rc7 33.
Rxa5 Bc6 34. Rc5 Ne6 35. Rxc6 Rxc6 1/2-1/2

[Event "DEM U14 2016"]
[Site "Willingen GER"]
[Date "2016.05.21"]
[Round "9"]
[White "Roth, Jakob"]
[Black "Lesny, Florian"]
[Result "1-0"]
[Termination "normal"]
[Board "20"]
[WhiteElo "1847"]
[BlackElo "1865"]
[PlyCount "75"]
[WhiteFideId "12952605"]
[BlackFideId "12973874"]
[EventCountry "GER"]
[EventRounds "9"]
[EventType "swiss"]
[EventDate "2016.05.14"]

1. d4 d5 2. c4 c6 3. Nf3 dxc4 4. e3 Be6 5. Ne5 Nf6 6. Nxc4 Nbd7 7. Nc3 Nb6 8.
Ne5 Nbd5 9. Bd3 g6 10. O-O Bg7 11. Bd2 Nd7 12. Nf3 Bg4 13. h3 Nxc3 14. bxc3
Bxf3 15. Qxf3 O-O 16. Rab1 Qc7 17. e4 e5 18. Be3 Rfe8 19. Qg3 Rab8 20. f4 exd4
21. cxd4 Nf6 22. Qf3 Qe7 23. e5 Nd5 24. Bd2 Bh6 25. Be4 Rbd8 26. g3 Qd7 27.
Rfd1 Ne7 28. Bc3 b6 29. Kh2 Nd5 30. Be1 Rb8 31. Rbc1 Red8 32. Bf2 Qb7 33. h4
Qd7 34. Kg2 Rf8 35. h5 Bg7 36. hxg6 fxg6 37. Rxc6 Nc3 38. Qxc3 1-0

[Event "DEM U14 2016"]
[Site "Willingen GER"]
[Date "2016.05.21"]
[Round "9"]
[White "Meric, Geoffrey"]
[Black "Bajorski, Marius"]
[Result "0-1"]
[Termination "normal"]
[Board "21"]
[WhiteElo "1873"]
[BlackElo "1793"]
[PlyCount "116"]
[WhiteFideId "26092891"]
[BlackFideId "12938831"]
[EventCountry "GER"]
[EventRounds "9"]
[EventType "swiss"]
[EventDate "2016.05.14"]

1. e4 e5 2. Nf3 Nc6 3. Bb5 a6 4. Ba4 Nf6 5. d3 d6 6. c3 g6 7. O-O Bg7 8. Re1
O-O 9. d4 b5 10. Bc2 Re8 11. d5 Nb8 12. a4 Bb7 13. Bd3 Qd7 14. Qb3 c6 15. dxc6
Bxc6 16. axb5 axb5 17. Rxa8 Bxa8 18. Bxb5 Qb7 19. Qa4 Rd8 20. Bg5 h6 21. Bxf6
Bxf6 22. c4 Nd7 23. b4 Bg7 24. Nc3 Nb6 25. Qa5 Rb8 26. Rd1 Bf8 27. Nd2 Qe7 28.
Nb3 f5 29. c5 Qe6 30. Nd5 Nxd5 31. Bc4 fxe4 32. c6 Bxc6 33. b5 Rxb5 34. Qxb5
Bxb5 35. Bxd5 Qxd5 36. Rxd5 Bc4 37. Ra5 Bxb3 38. Ra7 Bc4 39. Rc7 d5 40. g3 Bd3
41. Kg2 d4 42. h4 Be2 43. Rd7 d3 44. Rd8 Kf7 45. Rd7+ Ke6 46. Rd8 Be7 47. Ra8
d2 48. Ra1 d1=Q 49. Rxd1 Bxd1 50. h5 Bxh5 51. g4 Bxg4 52. f3 exf3+ 53. Kf2 Bh4+
54. Kg1 f2+ 55. Kh2 Bh3 56. Kxh3 f1=Q+ 57. Kxh4 Qg1 58. Kh3 h5 0-1

[Event "DEM U14 2016"]
[Site "Willingen GER"]
[Date "2016.05.21"]
[Round "9"]
[White "Mühlpfordt, Thomas"]
[Black "Rauch, Arwid"]
[Result "1-0"]
[Termination "normal"]
[Board "22"]
[WhiteElo "1707"]
[BlackElo "1560"]
[PlyCount "57"]
[WhiteFideId "12986623"]
[BlackFideId "16215923"]
[EventCountry "GER"]
[EventRounds "9"]
[EventType "swiss"]
[EventDate "2016.05.14"]

1. e4 e5 2. Nf3 Nc6 3. Bc4 Nf6 4. d3 Be7 5. c3 d6 6. O-O O-O 7. Re1 a6 8. a4
Na5 9. Ba2 c5 10. Nbd2 b5 11. axb5 axb5 12. b4 cxb4 13. cxb4 Nc6 14. Bxf7+ Rxf7
15. Rxa8 Nxb4 16. Qb3 Na6 17. Ng5 d5 18. Nxf7 Kxf7 19. exd5 Kf8 20. Qc3 Nc7 21.
Ra2 Bd6 22. Ne4 Nfxd5 23. Qc6 Bb4 24. Bg5 Qd7 25. Qxd7 Bxd7 26. Rc1 h6 27. Bd2
Be7 28. Ra7 Bd8 29. Ba5 1-0

[Event "DEM U14 2016"]
[Site "Willingen GER"]
[Date "2016.05.21"]
[Round "9"]
[White "Gutschenreiter, Donato"]
[Black "Pysarenko, Kyrill"]
[Result "0-1"]
[Termination "normal"]
[Board "23"]
[WhiteElo "1870"]
[BlackElo "1718"]
[PlyCount "80"]
[WhiteFideId "12975540"]
[BlackFideId "12974250"]
[EventCountry "GER"]
[EventRounds "9"]
[EventType "swiss"]
[EventDate "2016.05.14"]

1. e4 c5 2. Nf3 e6 3. d4 cxd4 4. Nxd4 Nc6 5. Nc3 Qc7 6. Be3 a6 7. Be2 Nf6 8. a3
Be7 9. Qd2 b5 10. f4 d6 11. Nxc6 Qxc6 12. O-O-O Rb8 13. e5 dxe5 14. fxe5 Nd7
15. Ba7 Rb7 16. Bf3 Qc7 17. Bxb7 Qxb7 18. Bd4 Qc7 19. Rde1 b4 20. axb4 Bxb4 21.
Rhf1 Bb7 22. Qf4 O-O 23. Kb1 Nb8 24. Re3 Nc6 25. Rg3 Nxd4 26. Qxd4 Bc5 27. Qf4
Be7 28. Re1 Rb8 29. Qh6 Bf8 30. Qe3 Bc6 31. Ne2 Qb7 32. b3 a5 33. Rf1 a4 34.
Nc1 Bd5 35. Qf4 Qa7 36. Rd1 axb3 37. Nxb3 Ra8 38. Qd4 Qa2+ 39. Kc1 Rd8 40. Qb6
Bxb3 0-1